| 000 | 02177nam a2200469 c 4500 | ||
|---|---|---|---|
| 999 |
_c27120 _d27120 |
||
| 003 | BLK | ||
| 005 | 20240623004053.0 | ||
| 008 | 180413b bul|||||r ||||||| ||bul|| | ||
| 010 | _aKNG00029693000 | ||
| 020 | _a954-8685-06-Х | ||
| 040 | _aBLK | ||
| 041 |
_aBUL _cBUL |
||
| 072 | 7 |
_2bullib _aЯ _xАвтографи |
|
| 072 | 7 |
_2bullib _aК _xКраезнание |
|
| 080 |
_aВъзпитание. Образование. Просвета. Организация на свободното време. Вж и 003;021. 3;159. 9;612;613;727 _b37 _x(497.2)(092) _z37(497.2)(092) |
||
| 080 |
_b929 Радославов, Радко _z929 Радославов, Радко |
||
| 100 |
_aГеоргиев, Лъчезар Георгиев _d1956- _gФилолог, автор на проза _9368754 |
||
| 139 |
_aГеоргиев, Лъчезар Георгиев _bР 17 |
||
| 245 | 1 | 0 |
_aРадко Радославов - жизнен път и творчество _bПринос към историята на бълг. образование и книжовност _cЛъчезар Георгиев Георгиев. |
| 257 | _aBGR | ||
| 260 |
_bРадослав Стефанов Радославов _bЗвезден път _c1999 _fВ. Търново : Сира |
||
| 300 |
_a144 с. _bс ил. _c21 см |
||
| 380 | _a3 | ||
| 500 | _aБиблиогр. с. 138 ; Рез. на англ. ез. Кн. е посветена на 105 г. от смъртта на Радко Радославов и 158 г. от рождението му. | ||
| 600 | 1 | 4 |
_aРадославов, Радко _9269123 |
| 650 | 4 |
_aУчители, български _9244252 |
|
| 650 | 0 |
_aПисатели, български _9241944 |
|
| 650 | 4 |
_aВъзрожденци _9151453 |
|
| 653 | _aвъзрожденци | ||
| 653 | _aучители | ||
| 653 | _aРадко Радославов | ||
| 659 | _aК | ||
| 659 | _aЯ | ||
| 852 | _aЦб 202510 | ||
| 852 | _aК 37/Р 17 Р | ||
| 856 | 4 |
_qpdf _u |
|
| 856 | 4 |
_qpdf _u |
|
| 942 |
_cKNG _n0 _s1 |
||
| 944 |
_aCR _c15.01.2003 _k _lCRON CRON |
||
| 944 |
_aED _c18.03.2015 _kВаля_Йорданова |
||
| 999 | _d27120 | ||